Un amico Internet per Valentina /

保存先:
書誌詳細
第一著者: Petrosino, Angelo (著者)
その他の著者: Not, Sara
フォーマット: 図書
言語:イタリア語
出版事項: Casale Monferrato : Piemme junior, 2001
版:5. ed
シリーズ:Il battello a vapore ; 2
Il battello a vapore. Valentina ; 2
タグ: タグ追加
タグなし, このレコードへの初めてのタグを付けませんか!

MARC

LEADER 00000nam a22000007i 4500
001 IT\ICCU\CAM\0004391
003 ItRI
005 20241015102028.0
008 090205s2001 it |||||| ||||| |||||c
020 |a 8838450218 
040 |b ita  |c CDM 
041 7 |a ita  |2 ISO-639-2 
100 1 |a Petrosino, Angelo  |0 IT\ICCU\RAVV\045218  |4 aut 
245 1 3 |a Un amico Internet per Valentina /  |c Angelo Petrosino ; illustrazioni di Sara Not. 
250 |a 5. ed 
260 |a Casale Monferrato :  |b Piemme junior,  |c 2001 
300 |a 199 p. :  |b ill. ;  |c 19 cm. 
700 1 |a Not, Sara  |0 IT\ICCU\RAVV\104107 
830 3 |a Il battello a vapore ;  |v 2  |0 IT\ICCU\RCA\0535855 
830 3 |a Il battello a vapore. Valentina ;  |v 2  |0 IT\ICCU\TO0\0935066 
942 |2 ddc  |c BK 
952 |0 0  |1 0  |2 ddc  |4 0  |6 853_914000000000000_PET_AMI  |7 1  |9 2122  |a RA  |b RA  |d 2024-10-15  |l 0  |o 853.914 PET AMI  |p 9641  |r 2024-10-15 10:20:59  |w 2024-10-15  |y BK  |z Sezione ragazz3 
981 1 |6 z01  |a i   |b xxxe  
982 1 |6 z01  |a n 
999 |c 1864  |d 1864